000 00243nam a2200097Ia 4500
008 190216s9999||||xx |||||||||||||| ||und||
100 _aNull
245 0 _aHindi-Maha Purush Ki Jivaniyam
260 _bThe Macmillian Co. Of India Ltd
942 _cBK
999 _c17833
_d17833